All JYP artist - Statistics

General Stats
  • This quiz has been taken 42 times
  • The average score is 47 of 117
Answer Stats
Hint Answer % Correct
STRIDE TWICE JIHYO
97%
STRIDE TWICE NAYEON
97%
ONE LABEL Stray Kids BANG CHAN
93%
ONE LABEL Stray Kids FELIX
93%
STRIDE TWICE MOMO
93%
BLU:M ITZY RYUJIN
93%
STRIDE TWICE SANA
93%
JYP JAPAN NEXZ YU
93%
BLU:M ITZY YUNA
93%
BLU:M ITZY CHAERYEONG
90%
STRIDE TWICE CHAEYOUNG
90%
ONE LABEL Stray Kids CHANGBIN
90%
STRIDE TWICE DAHYUN
90%
ONE LABEL Stray Kids HYUNJIN
90%
ONE LABEL Stray Kids I.N
90%
BLU:M ITZY LIA
90%
Former artist miss A (former) MIN
90%
STRIDE TWICE MINA
90%
STRIDE TWICE TZUYU
90%
BLU:M ITZY YEJI
90%
ONE LABEL Stray Kids HAN
86%
STRIDE TWICE JEONGYEON
86%
SQU4D NMIXX LILY
86%
ONE LABEL Stray Kids SEUNGMIN
86%
ONE LABEL Stray Kids LEE KNOW
83%
SQU4D NMIXX SULLYOON
76%
SQU4D NMIXX BAE
72%
SQU4D NMIXX HAEWON
72%
SQU4D NMIXX JIWOO
72%
SQU4D NMIXX KYUJIN
69%
Former artist GOT7 (former) BAM BAM
66%
Former artist GOT7 (former) JACKSON
62%
Former artist Stray Kids (former) WOOJIN
59%
Former artist NMIXX (former) JINNI
52%
Former artist VCHA (former) KAYLEE
48%
JYP USA VCHA SAVANNA
45%
JYP JAPAN NiziU MAKO
41%
STUDIO J Xdinary Heroes O.de
41%
Former artist GOT7 (former) JINYOUNG
38%
JYP USA VCHA KENDALL
38%
Former artist VCHA (former) KG
38%
Former artist GOT7 (former) MARK
38%
JYP USA VCHA CAMILA
34%
STUDIO J Xdinary Heroes GAON
34%
STUDIO J Xdinary Heroes GUN-IL
34%
Former artist GOT7 (former) JAY B
34%
STUDIO J Xdinary Heroes JOOYEON
34%
STUDIO J Xdinary Heroes Jun Han
34%
ONE LABEL 2PM JUNHO
34%
JYP USA VCHA LEXI
34%
JYP JAPAN NiziU MIIHI
34%
JYP JAPAN NiziU NINA
34%
Former artist miss A (former) SUZY
34%
ONE LABEL 2PM TAECYEON
34%
ONE LABEL 2PM WOOYOUNG
34%
STUDIO J DAY6 Young K
34%
Former artist Wonder Girls
(former)
HYUNA
31%
STUDIO J Xdinary Heroes JUNGSU
31%
ONE LABEL 2PM JUN. K
31%
Former artist Wonder Girls
(former)
SUNMI
31%
JYP JAPAN NiziU AYAKA
28%
Former artist DAY6 (former) Jae
28%
Former artist 2PM (former) Jay Park
28%
JYP JAPAN NiziU MAYA
28%
JYP JAPAN NiziU RIKU
28%
JYP JAPAN NiziU RIMA
28%
Former artist GOT7 (former) YUGYEOM
28%
Former artist miss A (former) FEI
24%
Former artist miss A (former) JIA
24%
JYP JAPAN NiziU MAYUKA
24%
STRIDE KickFlip MINJE
24%
EDEN Entertainment ALL(H)OURS MINJE
24%
JYP JAPAN NiziU RIO
24%
JYP JAPAN NEXZ TOMOYA
24%
STUDIO J DAY6 WONPIL
24%
JYP CHINA BOY STORY XINLONG
24%
JYP JAPAN NEXZ HARU
21%
STRIDE Soloist J.Y. PARK
21%
ONE LABEL 2PM NICHKHUN
21%
JYP JAPAN NEXZ SEITA
21%
JYP JAPAN NEXZ SO GEON
21%
Former artist GOT7 (former) YOUNGJAE
21%
JYP JAPAN NEXZ YUKI
21%
ONE LABEL 2PM CHANSUNG
17%
JYP JAPAN NEXZ HYUI
17%
STRIDE KickFlip KEIJU
17%
STUDIO J DAY6 SUNGJIN
17%
JYP CHINA BOY STORY ZIHAO
17%
STRIDE KickFlip AMARU
14%
STUDIO J DAY6 DOWOON
14%
JYP CHINA BOY STORY HANYU
14%
STRIDE KickFlip KYEHOON
14%
Former artist Wonder Girls
(former)
SOHEE
14%
JYP CHINA CIIU Bai Yuanhao
10%
STRIDE KickFlip DONGHWA
10%
JYP CHINA CIIU Huang Wenjin
10%
Former artist DAY6 (former) Junhyeok
10%
STRIDE KickFlip JUWANG
10%
JYP CHINA CIIU Li Xijie
10%
JYP CHINA CIIU Luo Yan
10%
JYP CHINA BOY STORY MINGRUI
10%
JYP CHINA BOY STORY SHUYANG
10%
Former artist Wonder Girls
(former)
YUBIN
10%
JYP CHINA BOY STORY ZEYU
10%
STRIDE KickFlip DONGHYEON
7%
EDEN Entertainment ALL(H)OURS HYUNBIN
7%
EDEN Entertainment ALL(H)OURS KUNHO
7%
EDEN Entertainment ALL(H)OURS MASAMI
7%
EDEN Entertainment ALL(H)OURS ON:N
7%
Former artist Wonder Girls
(former)
SUNYE
7%
JYP CHINA CIIU wang tianyi
7%
EDEN Entertainment ALL(H)OURS XAYDEN
7%
JYP CHINA Soloist YAOCHEN
7%
Former artist Wonder Girls
(former)
YEEUN
7%
EDEN Entertainment ALL(H)OURS YOUMIN
7%
Former artist Wonder Girls
(former)
HYERIM
3%
JYP CHINA CIIU liu zeheng
3%
No matching quizzes found
Score Distribution
Percent of People with Each Score
Percentile by Number Answered
Your Score History
You have not taken this quiz